Metóda obsahového a jazykového integrovaného vyučovania (CLIL) ako jeden z hlavných trendov vo vyučovaní jazykov

CLIL je skratka, ktorá znamená Obsahové a jazykové integrované vyučovanie. Skratka CLIL je používaná ako generický termín popisujúci všetky typy ustanovení, v ktorom je druhý jazyk (cudzí, regionálny, menšinový jazyk alebo iný úradný jazyk štátu) používaný k výučbe určitých predmetov v inom vzdeláva...

Descrizione completa

Salvato in:
Dettagli Bibliografici
Autore principale: Danišová, Soňa, 1981-
Natura: Capitolo di libro
Lingua:slovacco
Soggetti:
Tags: Aggiungi Tag
Nessun Tag, puoi essere il primo ad aggiungerne!!

MARC

LEADER 00000nla a2200000 4500
001 0181715
005 20240502073122.0
041 0 |a slo 
044 |a SK 
245 1 0 |a Metóda obsahového a jazykového integrovaného vyučovania (CLIL) ako jeden z hlavných trendov vo vyučovaní jazykov  |c Soňa Danišová 
520 |a CLIL je skratka, ktorá znamená Obsahové a jazykové integrované vyučovanie. Skratka CLIL je používaná ako generický termín popisujúci všetky typy ustanovení, v ktorom je druhý jazyk (cudzí, regionálny, menšinový jazyk alebo iný úradný jazyk štátu) používaný k výučbe určitých predmetov v inom vzdelávacom programe ako sú vedené samotné jazykové kurzy. Článok ponúka pomerne kritický, ale komplexný prehľad CLIL s argumentmi na špecifiká tohto moderného prístupu k jazyku v oblasti vzdelávania. 
610 2 0 |a vzdelávanie 
610 2 0 |a vyučovanie 
610 2 0 |a jazyky cudzie 
100 1 |a Danišová, Soňa, 1981-